<?xml version="1.0" encoding="UTF-8"?>
<collection xmlns="http://www.loc.gov/MARC21/slim">
  <record>
    <leader>00000nam  2200000   4500</leader>
    <controlfield tag="001">INLIS000000000010432</controlfield>
    <controlfield tag="005">20210426115830</controlfield>
    <datafield tag="035" ind1="#" ind2="#">
      <subfield code="a">0010-0421000313</subfield>
    </datafield>
    <controlfield tag="007">ta</controlfield>
    <controlfield tag="008">210426###########################0######</controlfield>
    <datafield tag="082" ind1="#" ind2="#">
      <subfield code="a">3</subfield>
    </datafield>
    <datafield tag="084" ind1="#" ind2="#">
      <subfield code="a">3 AHM o</subfield>
    </datafield>
    <datafield tag="100" ind1=" " ind2="#">
      <subfield code="a">Ahmad Ihsan</subfield>
    </datafield>
    <datafield tag="245" ind1="1" ind2="#">
      <subfield code="a">Optimalisasi Penyampaian Informasi Melalui Website pada Program Studi Informatika Fakultas Teknik Universitas Samudra /</subfield>
      <subfield code="c">Universitas Samudra</subfield>
    </datafield>
    <datafield tag="260" ind1="#" ind2="#">
      <subfield code="a">Aceh :</subfield>
      <subfield code="b">Puslatbang KHAN LAN,</subfield>
      <subfield code="c">2020</subfield>
    </datafield>
    <datafield tag="500" ind1="#" ind2="#">
      <subfield code="a">Coach: Drh. H. Ahmad Syaukani, M.Pd</subfield>
    </datafield>
  </record>
</collection>
